Mount and Blade II Bannerlord Mariner troops - Statistics

General Stats
  • This quiz has been taken 2 times
  • The average score is 11 of 17
Answer Stats
Hint Answer % Correct
Aserai, the melee but with bow, tier 4 Aserai Veteran Sailor
100%
Imperial, like the US naval force, tier 4 Imperial Coast Guard
100%
THE Imperial skirmisher, tier 5 Imperial Naute
100%
Imperial, word for sailor, tier 3 Imperial Shipmate
100%
Nord, best infantry in the game, tier 6 Nord Huscarl
100%
Nord, he was chosen as the only nord archer Nord Sky-Gods Chosen
100%
Sturgian, another word for sailor, tier 3 Sturgian Crewman
100%
Sturgian, the laughing stock of mariners, tier 5 Sturgian Reaver
100%
Battanian, though there are no rivers in Battania, tier 4 Battanian River Raider
50%
Battanian, another funny name, tier 5 Battanian Skipari
50%
Nord, the polearm, yet another funny name Nord Ulfhedinn
50%
Vlandian, latin word with maritime, tier 5 Vlandian Nauta
50%
Vlandian, he's seen a lot of seafaring, tier 4 Vlandian Seasoned Seafarer
50%
Aserai, the funny name, tier 5 Aserai Bahriyyah
0%
Nord, the melee that has a shield Nord Berserkir
0%
Nord, skjalds sing of their axes Nord Skjaldbrestir
0%
Sturgian, another word for sailor but better, tier 4 Sturgian Veteran Shipman
0%
No matching quizzes found
Score Distribution
Percent of People with Each Score
Percentile by Number Answered
Your Score History
You have not taken this quiz